MLB 2023 Awards - Statistics

General Stats
  • This quiz has been taken 26 times
  • The average score is 40 of 61
Answer Stats
Award Team Answer % Correct
AL Cy Young Yankees Gerrit Cole
100%
AL Rookie OTY Orioles Gunnar Henderson
100%
NL Most Valuable Player Braves Ronald Acuña, Jr.
100%
AL Most Valuable Player Angels Shohei Ohtani
100%
NL Rookie OTY D-Backs Corbin Carroll
96%
NL Cy Young Padres Blake Snell
91%
NL Hank Aaron Braves Ronald Acuña, Jr.
87%
Roberto Clemente Award Yankees Aaron Judge
83%
AL Hank Aaron Angels Shohei Ohtani
83%
NL DH Silver Slugger Phillies Bryce Harper
78%
NL 3B Silver Slugger Braves Austin Riley
74%
AL SS Silver Slugger Rangers Corey Seager
74%
NL SS Silver Slugger Mets Francisco Lindor
74%
AL OF Silver Slugger Mariners Julio Rodriguez
74%
AL OF Silver Slugger Astros Kyle Tucker
74%
AL OF Silver Slugger White Sox Luis Robert, Jr.
74%
AL 2B Silver Slugger Rangers Marcus Semien
74%
NL 1B Silver Slugger Braves Matt Olson
74%
NL OF Silver Slugger Dodgers Mookie Betts
74%
AL 3B Silver Slugger Red Sox Rafael Devers
74%
NL OF Silver Slugger Braves Ronald Acuña, Jr.
74%
AL DH Silver Slugger Angels Shohei Ohtani
74%
NL C Silver Slugger Brewers William Contreras
74%
NL P Gold Glove Phillies Zack Wheeler
74%
AL C Silver Slugger Orioles Adley Rutschman
70%
AL RF Gold Glove Rangers Adolis Garcia
70%
AL 2B Gold Glove Guardians Andres Giménez
70%
AL SS Gold Glove Yankees Anthony Volpe
70%
NL Reliever OTY Brewers Devin Williams
70%
NL Platinum Glove Padres Fernando Tatís, Jr.
70%
NL 2B Silver Slugger Marlins Luis Arraez
70%
AL LF Gold Glove Guardians Steven Kwan
70%
AL 1B Silver Slugger Rays Yandy Diaz
70%
NL 1B Gold Glove D-Backs Christian Walker
65%
NL RF Gold Glove Padres Fernando Tatís, Jr.
65%
AL C Gold Glove Rangers Jonah Heim
65%
NL C Gold Glove D-Backs Gabriel Moreno
61%
AL UT Silver Slugger Orioles Gunnar Henderson
61%
NL 3B Gold Glove Pirates Ke'Bryan Hayes
61%
NL 2B Gold Glove Cubs Nico Hoerner
61%
ALCS MVP Rangers Adolis Garcia
57%
AL Platinum Glove Guardians Andres Giménez
57%
World Series MVP Rangers Corey Seager
57%
NL SS Gold Glove Cubs Dansby Swanson
57%
AL 3B Gold Glove Blue Jays Matt Chapman
57%
AL 1B Gold Glove Rangers Nathaniel Lowe
57%
NL Comeback Player OTY Cubs Cody Bellinger
52%
NL LF Gold Glove Cubs Ian Happ
52%
NL OF Silver Slugger Padres Juan Soto
52%
AL CF Gold Glove Blue Jays Kevin Kiermaier
52%
NL UT Silver Slugger Cubs Cody Bellinger
48%
All-Star Game MVP Rockies Elias Diaz
43%
AL P Gold Glove Blue Jays Jose Berríos
43%
NLCS MVP D-Backs Ketel Marte
43%
AL UT Gold Glove Astros Mauricio Dubón
39%
AL Manager OTY Orioles Brandon Hyde
35%
NL CF Gold Glove Rockies Brenton Doyle
35%
NL Manager OTY Marlins Skip Schumaker
30%
NL UT Gold Glove Padres Ha-Seong Kim
26%
AL Reliever OTY Orioles Felix Bautista
22%
AL Comeback Player OTY White Sox Liam Hendriks
22%
No matching quizzes found
Score Distribution
Percent of People with Each Score
Percentile by Number Answered
Your Score History
You have not taken this quiz